000 00629nam a22002297a 4500
003 UA-OsUOA
001 88105
007 ta
008 20121001b un ||||| |||| 00| 0 ukr d
100 _aБушмин А.С.
090 _a82.09
_bБ 94
942 _cBK
040 _aUA-OsUOA
_brus
_cUA-OsUOA
_dUA-OsUOA
245 _aПреемственность в развитии литературы
300 _a157 с.
955 _a2
041 _arus
080 _a82.09
260 _aЛининград
_bНаука
_c1975
650 7 _a82 Література. Літературознавство
_2UDC
999 _c374441
_d374441